000 01234nam a2200241Ia 4500
003 Ost
005 20260507074905.0
008 260507s9999||||xx |||||||||||||| ||und||
040 _cfsecg
041 _aara
082 _a658.8
100 _aرجب، جيهان عبد المنعم
_eمؤلف
245 0 _aالعلاقة بين المشتري والمورد :
_bمدخل للتسويق بالعلاقات /
_c جيهان عبد المنعم رجب
260 _aالقاهرة:
_bمنشورات المنظمة العربية للتنمية الإدارية,
_c2006
300 _a327 صفحة؛
_bإيضاحات ؛
_c24 سم
490 _aسلسلة بحوث ودراسات
_v416
504 _aببليوغرافيا: ص.301
520 _aيضم ماهية التسويق بالعلاقات، النماذج والنظريات التي تدعم التسويق بالعلاقات، الدراسات الحديثة المتعلقة بالنموذج المقترح لعلاقات المشتري، رؤية نظرية للنموذج المقترح لعلاقات المشتري(المورد)
653 _aأدارة المبيعات
653 _aالتسويق
653 _aالعلاقات العامة
942 _cكتاب
999 _c41687
_d41687